Movies Quiz

Random Movies or Disney Quiz

Disney Trivia! Quiz Stats

Quiz not verified by Sporcle

Also try: Movies By Family
Challenge
Share
Tweet
Embed
Score 0/17 Timer 04:00
1 Play Today
Questions Answers % Correct
The beast warns belle about staying away from...The west wing
75.7%
Among mending, sewing, and doing the laundry, Cinderella must give Lucifer a...Bath
70.8%
Boos door color isWhite
70.2%
According to Scuttle, a fork is known as a...Dingle Hopper
67.3%
Finish this Tarzan phrase: 'two worldsOne family
64.2%
Mowgli is known as a Man cub
61.8%
Belle claims 'her fathers not crazy, he's aGenius
57.8%
In the marketplace Jasmine pretends abu is theSultan
57.3%
Ursula in Human form is known as...Vanessa
53%
Questions Answers % Correct
Edna Mode is very against the use ofCapes
51.1%
She is known as the mistress of all evil...Maleficent
50.2%
The lost boys shoot wendy out of the sky because they think she is aWendybird
31.6%
In enchanted, which animal plucks a hairball from the shower drain?Mouse
31.6%
Cinderella names him Gus, but his real name isOctavius
30.1%
In hunchback of notre dame which day is a day for breaking rules?Topsy Turvy
25.2%
In Home on the range, Buck is so excited to be wearing Rico's...Saddle
16.2%
Rex the dinosaur doesn't like Confrontations
12.2%

You're not logged in!

Compare scores with friends on all Sporcle quizzes.
Sign Up with Email
OR
Log In

You Might Also Like...

Show Comments

Extras

Top Quizzes Today


Score Distribution

Your Account Isn't Verified!

In order to create a playlist on Sporcle, you need to verify the email address you used during registration. Go to your Sporcle Settings to finish the process.